| 000 | 00619cam a2200217 4500 | ||
|---|---|---|---|
| 001 | M87197 | ||
| 008 | 090401t1997 xxu||||| |||| 00| 0 eng d | ||
| 035 | _a(Sirsi) u81597 | ||
| 041 | _aeng | ||
| 050 | _a029.7 | ||
| 110 |
_aRoyal Institution of Chartered Surveyors _94900 |
||
| 245 | _aSurveying the superhighway : a guide to the Internet for chartered surveyors. | ||
| 260 |
_aLondon _bRICS _c1997 |
||
| 300 | _a20p. ; 21cm. | ||
| 350 | _a0 | ||
| 650 | _aABOUT RICS-RICS MEMBERS | ||
| 650 | _aINTERNET | ||
| 690 | _aMANAGEMENT-BUSINESS MANAGEMENT-INFORMATION MANAGEMENT | ||
| 942 | _n0 | ||
| 948 | _c22/10/1997 | ||
| 999 |
_c96733 _d96733 |
||